000 00700nam a2200265Ia 4500
001 Para_3353
003 CHAP
008 220125s[194 xx 000 0 und d
010 _a201910
040 _cCHAP
082 _aPA 581 I8
100 _aItié, Gabriel
_9166879
245 _aBotánica sistemática /
_c por Gabriel Itié y Carlos Noriega
260 _a[Chapingo, Méx.] :
_b [E.N.A.]
300 _a171 h.
650 _aBotánica
_x Clasificación
_914516
700 _aNoriega, Carlos
_981743
901 _aPA 581 I8
902 _aA
905 _a000000[194 ] [CH 0000000000 00
910 _a[194
942 _cPARA
942 _cPARA
_d1
999 _c201910
_d201910